=LDR 00000nam 2200000 4500 =001 INLIS000000000011554 =005 20130612103115 =008 ***********************************Ind** =035 ##$$0010-061300000011554 =041 ##$$a Ind =082 ##$$a 750.18 =090 ##$$a 750.18, Suw m =100 ##$$a Suwardi =245 ##$$a Melukis bentuk geometri, Soewardi =260 ##$$a 1984 $b Jakarta =300 ##$$a viii, 139 hlm., ilus, 24 cm =650 ##$$a Melukis =850 ##$$a NBPNMAT